Personnages de fiction par couleur - Vert - Statistiques

Statistiques générales
  • Ce quiz a été pris 1 224 fois
  • Le résultat moyen est 10 sur 20
Statistiques - réponses
Par images Réponse % Correct
Hulk
100%
Shrek
99%
Franklin
96%
Le Grinch
94%
Yoshi
91%
Dégoût
81%
Géant Vert
77%
Bob Razowski
72%
Kermit la grenouille
55%
Pascal
52%
Leonardo
50%
Piccolo
43%
Arcko
33%
Grogu
29%
Vector
14%
Blanka
10%
Flubber
10%
Slimer
10%
Spinner
8%
Fury
0%
Aucun quiz correspondant
Distribution des résultats
% des personnes avec chaque résultat
Percentile par nombre de réponses
Votre historique - résultats
Vous n’avez pas pris ce quiz